| 000 | 00812nam a2200253Ia 4500 | ||
|---|---|---|---|
| 001 | 21623 | ||
| 005 | 20260320113259.0 | ||
| 008 | 260320s9999||||xx |||||||||||||| ||und|| | ||
| 041 | _aESP | ||
| 082 |
_a658.81 _bS78 |
||
| 100 |
_aStaudt, Thomas, _eAUT |
||
| 245 | 0 |
_a Enfoque administrativo de la mercadotecnia _b |
|
| 246 |
_a _5 _b |
||
| 250 | _aSegunda edición | ||
| 260 |
_aMéxico, D. F. : _bHerrero Hermanos, _c1969 |
||
| 300 |
_axvii, 674 páginas : _b _c23 cm. _e |
||
| 440 |
_a _n _v |
||
| 650 | _aTCA | ||
| 653 | _aAdministración; Mercadotecnia; Gerencia de ventas | ||
| 654 | _aCAN | ||
| 700 |
_aTaylor, Donald A., _cAUT |
||
| 856 |
_uhttps://ebooks7-24-com.ucsp.lookproxy.com/stage.aspx?il=&pg=&ed= _zVéase además: Investigación de mercados. Versión digital |
||
| 942 |
_cLIB _dJUS _fTRC _2ddc _n |
||
| 999 |
_c21623 _d21623 |
||